000 00365nam a2200145Ia 4500
008 100122s9999 xx 000 0 und d
082 _b14217
_a823.08
100 _aकाळे व पु
245 _aवलय
260 _bभारतीय ग्रंथभवन
_c1966
300 _a186
630 _aवलय
730 _aवलय
942 _cBOOK
999 _c404807
_d404804